000 00272nam a22001097a 4500
008 230620b xxu||||| |||| 00| 0 eng d
082 _a321.804
_bPOL 1973
245 _aThe Modern Presidency
260 _aUSA
_bRandom House Inc.
_c1973
300 _aXII,236p
942 _2ddc
_cBK
999 _c1850
_d1850